Sorgo en el sur. Resultados de producción 2007-2008 : Proyecto Regional Desarrollo de Sistemas Mixtos Agrícola /
Guardado en:
| Autor Principal: | |
|---|---|
| Formato: | Libro |
| Idioma: | Undetermined |
| Publicado: |
Buenos Aires :
INTA,
2008.
|
| Edición: | 1a ed. |
| Materias: | |
| Etiquetas: |
Agregar Etiqueta
Sin Etiquetas, Sea el primero en etiquetar este registro!
|
| LEADER | 01292nam a22002055a 4500 | ||
|---|---|---|---|
| 001 | CEM.cems024671 | ||
| 008 | 250609s2008####ag############000#0#und#d | ||
| 005 | 20250609122052.0 | ||
| 245 | 1 | 0 | |a Sorgo en el sur. Resultados de producción 2007-2008 : |b Proyecto Regional Desarrollo de Sistemas Mixtos Agrícola / |c Ariel Melin; Martín Zamora ; Maria Coria ; Andrea Bolletta ; Josefina Marinissen. |
| 250 | |a 1a ed. | ||
| 260 | |a Buenos Aires : |b INTA, |c 2008. | ||
| 300 | |a s/p ; |c 25 cm. | ||
| 505 | 0 | |a Condiciones edafo-climáticas por localidad -- Producción de sorgo forrajero -- Partido Adolfo Alsina -- Partido Coronel Suarez -- Partido Guamini - -- Partido de Puan -- Partido Villarino -- Producción de sorgo para silaje -- Partido Adolfo Alsina -- Chascomús -- Partido Coronel Suarez -- Partido Daireaux -- Partido Guaminí -- Partido Villarino -- Producción de Sorgo granífero -- Partido Adolfo Alsina -- Partido Coronel Suarez -- Partido Daireaux -- Partido Guamini -- Producción de Sorgo Diferido -- Resultados de fertilización con Nitrógeno -- | |
| 020 | |a 9789875212749 | ||
| 100 | 1 | |a Melín, Ariel. | |
| 653 | |a Sorgo | ||
| 653 | |a Sorgo Forrajero | ||
| 653 | |a Producción de forraje y grano | ||
| 653 | |a Sorgo del Sur | ||
| 859 | |a CEMS |b BIB. CEMS - Agricultura |h 633.1 |i M484 |p A3857.25 |t Ej.1 | ||
